|
|
|
|
| LEADER |
00000nta a2200000 i 4500 |
| 001 |
dolg4460 |
| 005 |
20160511133802.0 |
| 008 |
151211suuuu hu om 000 hun d |
| 040 |
|
|
|a BGE Dolgozattár Repozitórium
|b hun
|
| 041 |
|
|
|a hu
|
| 100 |
1 |
|
|a Kerekes Nóra Gabriella
|
| 245 |
1 |
2 |
|a A Kristinus Borbirtok bevezetése a magyar piacra - Az Ax wine (e)motion arculatváltása
|c Kerekes Nóra Gabriella
|h [elektronikus dokumentum]
|
| 695 |
|
|
|a Arculat
|
| 695 |
|
|
|a Arculatváltás
|
| 700 |
1 |
|
|a Harsányi Dr. Dávid
|e ths
|
| 856 |
4 |
0 |
|u http://dolgozattar.uni-bge.hu/4460/1/A%20Kristinus%20Borbirtok%20bevezet%C3%A9se%20a%20magyar%20piacra_Kerekes%20N%C3%B3ra_BT3QHB.pdf
|z Dokumentum-elérés
|
| 856 |
4 |
0 |
|u http://dolgozattar.uni-bge.hu/4460/2/HivatalosBejegyzes.pdf
|z Dokumentum-elérés
|